| 000 | 01189nam a2200301 i 4500 | ||
|---|---|---|---|
| 003 | EG-ScBUE | ||
| 005 | 20231022151936.0 | ||
| 008 | 220731s2022 ua f 000 j ara d | ||
| 017 | _a2022 / 10810 | ||
| 020 | _a9789776578616 | ||
| 040 |
_aEG-ScBUE _bara _erda _cEG-ScBUE _dEG-ScBUE |
||
| 082 | 0 | 4 |
_222 _a892.736 _bر ض و |
| 100 | 1 |
_aرضوان، منى، _eمؤلف. |
|
| 245 | 1 | 0 |
_aكشكول المجهود الشخصي : _b45 دقيقة من الحياة / _cمنى رضوان. |
| 246 | 3 | 4 |
_aكشكول المجهود الشخصي : _b45 دقيقة من الحياة : مجموعة قصصية |
| 246 | 3 |
_aكشكول المجهود الشخصي : _bخمس وأربعون دقيقة من الحياة |
|
| 250 | _aالطبعة الأولى. | ||
| 264 | 1 |
_aالقاهرة : _bالسراج للنشر والتوزيع، _c2022. |
|
| 300 |
_a164 صفحة ؛ _c24 سم |
||
| 336 |
_2rdacontent _aنص _btxt |
||
| 337 |
_2rdamedia _aبدون وسيط _bn |
||
| 338 |
_2rdacarrier _aمجلد _bnc |
||
| 541 |
_cإهداء ؛ _aمنى رضوان. |
||
| 650 | 7 |
_aالقصص العربية _yقرن 21. _2BUEsh |
|
| 653 |
_cOctober2023 _bARALIT |
||
| 655 | _vReading book | ||
| 942 | _2ddc | ||
| 999 |
_c30600 _d30571 |
||